Statistics for Oceania Countries Beginning with the Letters of JETPUNK

Click here to take the quiz!

General Stats

  • This quiz has been taken 381 times
  • The average score is 6 of 7

Answer Stats

Country% Correct
Tuvalu
95%
Kiribati
94%
Nauru
94%
Palau
94%
Papua New Guinea
91%
Tonga
91%
New Zealand
90%

Score Distribution

Percentile by Number Answered

Percent of People with Each Score

Your Score History

You have not taken this quiz